Hacia una teoría del espacio : reflexión fenomenológica sobre el ambiente /

El autor plantea las condiciones mínimas iniciales que permitan abordar en un futuro las disciplinas de la lexicología, semántica, epistemología y metodología general del conocimiento, con el objetivo de desarrollar una teoría del conocimiento del espacio significado. Esta teoría de rango general ge...

Deskribapen osoa

Gorde:
Xehetasun bibliografikoak
Egile nagusia: Camacho Cardona, Mario (autor)
Formatua: Liburua
Hizkuntza:gaztelania
Argitaratua: Puebla, México : Universidad Iberoamericana, Plantel Golfo-Centro : Benemérita Universidad Autónoma de Puebla, 2002, c2002
Gaiak:
Etiketak: Etiketa erantsi
Etiketarik gabe, Izan zaitez lehena erregistro honi etiketa jartzen!

MARC

LEADER 00000nam^a2200000^a^4500
001 000156951
005 20250521000000.0
009 20260310100521.794
020 |a 968-863-619-3 
020 |a 968-7507-764 
037 |a Acervo ITESO - Biblioteca 
041 |a ESP 
082 |a 720. 1  |b CAM 
100 |a Camacho Cardona, Mario  |e (autor) 
245 1 0 |a Hacia una teoría del espacio :  |b reflexión fenomenológica sobre el ambiente /  |c M. Camacho Cardona. 
264 4 |a Puebla, México :  |b Universidad Iberoamericana, Plantel Golfo-Centro :  |b Benemérita Universidad Autónoma de Puebla,  |c 2002, c2002 
300 |a 173 p. 
336 |a texto  |b txt  |2 rdacontenido 
337 |a sin mediación  |b n  |2 rdamedio 
338 |a volumen  |b nc  |2 rdasoporte 
520 |a El autor plantea las condiciones mínimas iniciales que permitan abordar en un futuro las disciplinas de la lexicología, semántica, epistemología y metodología general del conocimiento, con el objetivo de desarrollar una teoría del conocimiento del espacio significado. Esta teoría de rango general generaría teorías de la arquitectura, urbanismo, planeación regional, entre otras disciplinas que tienen como objeto de estudio el habitat humano. 
649 |a XX 
650 |a Semiótica y Arquitectura 
650 |a Epistemología 
650 |a Ontología 
650 |a Fenomenología 
650 |a Proporción 
650 |a Estética 
650 |a Espacio Arquitectónico 
650 |a Ecodiseño 
650 |a Diseño Arquitectónico 
650 |a Lingüística 
650 |a Filosofía 
650 |a Arquitectura -  |x Filosofía 
650 |a Arquitectura -  |x Teoría 
650 |a Arte -  |x Teoría 
910 |a Fondo General 
920 |a Impresos - Libros 
930 |a Colección General 
905 |a 101 
901 |a 0500084046  |b IT1  |c ACC  |u 20250521 
901 |a 0500084043  |b IT1  |c ACC  |u 20250521 
902 |a https://opac.biblio.iteso.mx/vufind/Record/000156951